Learning Resource and Development

Calculus : (Record no. 29295)

MARC details
000 -LEADER
fixed length control field 02337nam a22003615i 4500
001 - CONTROL NUMBER
control field 22465411
003 - CONTROL NUMBER IDENTIFIER
control field CSPC
005 - DATE AND TIME OF LATEST TRANSACTION
control field 20250820101824.0
008 - FIXED-LENGTH DATA ELEMENTS--GENERAL INFORMATION
fixed length control field 220314s2022 nju 000 0 eng
010 ## - LIBRARY OF CONGRESS CONTROL NUMBER
LC control number 2022934833
020 ## - INTERNATIONAL STANDARD BOOK NUMBER
International Standard Book Number 9781119883654
Qualifying information (paperback)
040 ## - CATALOGING SOURCE
Original cataloging agency DLC
Language of cataloging eng
Description conventions rda
Transcribing agency DLC
Modifying agency CSPC
042 ## - AUTHENTICATION CODE
Authentication code pcc
050 04 - LIBRARY OF CONGRESS CALL NUMBER
Classification number QA303.2
Item number .P38 2022
082 04 - DEWEY DECIMAL CLASSIFICATION NUMBER
Classification number 515
Item number J710c
100 1# - MAIN ENTRY--PERSONAL NAME
Personal name Jones, Patrick,
Relator term author.
245 10 - TITLE STATEMENT
Title Calculus :
Remainder of title 1001 practice problems for dummies /
Statement of responsibility, etc. Patrick Jones.
263 ## - PROJECTED PUBLICATION DATE
Projected publication date 2204
264 #1 - PRODUCTION, PUBLICATION, DISTRIBUTION, MANUFACTURE, AND COPYRIGHT NOTICE
Place of production, publication, distribution, manufacture Hoboken, New Jersey :
Name of producer, publisher, distributor, manufacturer John Wiley & Sons, Inc.,
Date of production, publication, distribution, manufacture, or copyright notice 2022.
300 ## - PHYSICAL DESCRIPTION
Extent xi, 587 pages :
Other physical details illustrations ;
Dimensions 26 cm.
336 ## - CONTENT TYPE
Content type term text
Content type code txt
Source rdacontent
337 ## - MEDIA TYPE
Media type term unmediated
Media type code n
Source rdamedia
338 ## - CARRIER TYPE
Carrier type term volume
Carrier type code nc
Source rdacarrier
490 0# - SERIES STATEMENT
Series statement For dummies
500 ## - GENERAL NOTE
General note Includes index.
505 0# - FORMATTED CONTENTS NOTE
Formatted contents note Introduction -- Part 1: The questions -- Algebra review -- Trigonometry review -- Limits and rates of change -- Derivative basics -- The product, quotient, and chain rules -- Exponential and logarithmic functions and tangent lines -- Implicit differentiation -- Applications of derivatives -- areas and Riemann sums -- The fundamental theorem of calculus and the net change theorem -- Applications of integration -- Inverse trigonometric functions, hyperbolic functions, and L'Hôpital's rule -- U-substitution and integration by parts -- Trigonometric integrals, trigonometric substitution, and partial fractions -- Improper integrals and more approximating techniques -- Part 2: The answers -- Answers and explanation.
520 ## - SUMMARY, ETC.
Summary, etc. "Calculus: 1001 Practice Problems for Dummies give you more than one thousand chances to build your calculus skills. This workbook is full of practice problems covering every topic in your Calculus 1 course. Limits, derivatives, integration, important calculus theorems, areas, functions-- it's all here. Pencil your way through the book or get online to track your progress and build customized problem sets. Then, follow along with step-by-step answer explanations for every solution."
650 #0 - SUBJECT ADDED ENTRY--TOPICAL TERM
Topical term or geographic name entry element Calculus.
906 ## - LOCAL DATA ELEMENT F, LDF (RLIN)
a 0
b ibc
c orignew
d 2
e epcn
f 20
g y-gencatlg
942 ## - ADDED ENTRY ELEMENTS (KOHA)
Source of classification or shelving scheme Dewey Decimal Classification
Suppress in OPAC No
Koha item type Books
Classification part 515
Item part J710c
Call number prefix CIR
Call number suffix 2022
Holdings
Withdrawn status Lost status Source of classification or shelving scheme Damaged status Not for loan Home library Current library Shelving location Date acquired Total Checkouts Full call number Barcode Date last seen Copy number Price effective from Koha item type
    Dewey Decimal Classification     Main Library Main Library Circulation Section 03/24/2025   CIR 515 J710c 2022 029364 03/24/2025 1-2 03/24/2025 Books
    Dewey Decimal Classification     Main Library Main Library Circulation Section 08/18/2025   CIR 515 J710c 2022 029976 08/18/2025 2-2 08/18/2025 Books